Annales Typographici V Index I, II, III

Bibliographic Details
Main Author: Panzer, Georg Wolfgang (Author)
Format: Book
Language:Undetermined
PhysicalDescription:557 s.
Published: Hildesheim Georg Olms Verlagbuchhandlung 1963
Edition:1. vyd.

MARC

LEADER 00000nam a2200000 a 4500
001 vtls001464706
003 SK-MaSNL
005 20260302061719.0
008 240314s1963 xx 0 und
035 |a SNK000420011 
040 |a SNK  |b slo  |c SNK  |e AACR2 
100 1 |a Panzer, Georg Wolfgang  |4 aut  |9 366695 
245 1 0 |a Annales Typographici  |b V  |n Index I, II, III 
250 |a 1. vyd. 
260 |a Hildesheim  |b Georg Olms Verlagbuchhandlung  |c 1963 
300 |a 557 s. 
958 |a OND 
999 |c 1126449  |d 1128379 
952 |a SNK  |b SNK  |y VYP  |7 0  |p 17A0406342  |o snkIC 45481/5  |i snkV 78/70  |8 2  |0 0  |1 0  |4 0  |d 2003-12-04  |l 0  |r 2005-01-02 00:00:00  |w 2026-02-24